Learning Resource and Development

The complete guide to all cats / (Record no. 24230)

MARC details
000 -LEADER
fixed length control field 01167cam a2200337 i 4500
001 - CONTROL NUMBER
control field completeguidetoa00hart
003 - CONTROL NUMBER IDENTIFIER
control field CaSfIA
005 - DATE AND TIME OF LATEST TRANSACTION
control field 20230525155245.0
007 - PHYSICAL DESCRIPTION FIXED FIELD--GENERAL INFORMATION
fixed length control field cr||||
008 - FIXED-LENGTH DATA ELEMENTS--GENERAL INFORMATION
fixed length control field 791219s1980 nyuaf 001 0 eng
010 ## - LIBRARY OF CONGRESS CONTROL NUMBER
LC control number 79028427
040 ## - CATALOGING SOURCE
Original cataloging agency DLC
Transcribing agency DLC
Modifying agency BTCTA
-- BAKER
-- CaSfIA
020 ## - INTERNATIONAL STANDARD BOOK NUMBER
International Standard Book Number 0684164930 :
Terms of availability $14.95
020 ## - INTERNATIONAL STANDARD BOOK NUMBER
International Standard Book Number 9780684164939
035 ## - SYSTEM CONTROL NUMBER
System control number (OCoLC)5887735
050 00 - LIBRARY OF CONGRESS CALL NUMBER
Classification number SF442
Item number .H37
082 00 - DEWEY DECIMAL CLASSIFICATION NUMBER
Classification number 636.8
029 1# - OTHER SYSTEM CONTROL NUMBER (OCLC)
OCLC library identifier NZ1
System control number 2818484
029 1# - OTHER SYSTEM CONTROL NUMBER (OCLC)
OCLC library identifier AU@
System control number 000001612167
029 1# - OTHER SYSTEM CONTROL NUMBER (OCLC)
OCLC library identifier AU@
System control number 000022469435
100 1# - MAIN ENTRY--PERSONAL NAME
Personal name Hart, Ernest H.
245 14 - TITLE STATEMENT
Title The complete guide to all cats /
Medium [electronic resource]
Statement of responsibility, etc. Ernest H. Hart and Allan H. Hart ; with ill. by Ernest H. Hart.
260 ## - PUBLICATION, DISTRIBUTION, ETC.
Place of publication, distribution, etc. New York :
Name of publisher, distributor, etc. Scribner,
Date of publication, distribution, etc. c1980.
300 ## - PHYSICAL DESCRIPTION
Extent ix, 318 p., [4] leaves of plates :
Other physical details ill. ;
Dimensions 24 cm.
500 ## - GENERAL NOTE
General note Includes index.
650 #0 - SUBJECT ADDED ENTRY--TOPICAL TERM
Topical term or geographic name entry element Cats.
650 #0 - SUBJECT ADDED ENTRY--TOPICAL TERM
Topical term or geographic name entry element Cats
General subdivision Diseases.
700 1# - ADDED ENTRY--PERSONAL NAME
Personal name Hart, Allan H.,
Relator term joint author.
856 41 - ELECTRONIC LOCATION AND ACCESS
Uniform Resource Identifier <a href="http://www.archive.org/details/completeguidetoa00hart">http://www.archive.org/details/completeguidetoa00hart</a>
Public note Free eBook from the Internet Archive
856 42 - ELECTRONIC LOCATION AND ACCESS
Uniform Resource Identifier <a href="http://www.openlibrary.org/books/OL4423783M">http://www.openlibrary.org/books/OL4423783M</a>
Public note Additional information and access via Open Library
Holdings
Withdrawn status Lost status Damaged status Not for loan Collection Home library Current library Date acquired Total Checkouts Full call number Date last seen Price effective from Koha item type
        Project Gutenberg Main Library Main Library 05/25/2023   SF442 .H37 05/25/2023 05/25/2023 EBooks